Hodnocení efektivnosti podnikové logistiky prostřednictvím zásob
Predpoklad vysokej úrovne poskytovaných služieb - vysoká úroveň aplikovaného logistického systému v podniku. Čas ako hlavný nástroj konkurencieschopnosti v globalizovanej ekonomike. Nepriame vyjadrenie parametra času prostredníctvom zásob. Zásoby - veľká a nákladná investícia výrobných podnikov. Výp...
Na minha lista:
| Autor principal: | |
|---|---|
| Formato: | Capítulo de Livro |
| Idioma: | tcheco |
| Assuntos: | |
| Tags: |
Sem tags, seja o primeiro a adicionar uma tag!
|
MARC
| LEADER | 00000naa a2200000 4500 | ||
|---|---|---|---|
| 001 | r048290 | ||
| 005 | 20231003123747.9 | ||
| 041 | 0 | |a cze | |
| 044 | |a CZ | ||
| 245 | 1 | 0 | |a Hodnocení efektivnosti podnikové logistiky prostřednictvím zásob |c Hana Janovská |
| 520 | |a Predpoklad vysokej úrovne poskytovaných služieb - vysoká úroveň aplikovaného logistického systému v podniku. Čas ako hlavný nástroj konkurencieschopnosti v globalizovanej ekonomike. Nepriame vyjadrenie parametra času prostredníctvom zásob. Zásoby - veľká a nákladná investícia výrobných podnikov. Výpočet zmeny zásobovej náročnosti. | ||
| 610 | 2 | 0 | |a logistika |
| 610 | 2 | 0 | |a efektívnosť |
| 610 | 2 | 0 | |a zásoby |
| 610 | 2 | 0 | |a čas |
| 610 | 2 | 0 | |a konkurencieschopnosť |
| 100 | 1 | |a Janovská, Hana | |